000 00547nam a22001577a 4500
008 151208b xxu||||| |||| 00| 0 eng d
050 _aBL2020.B45.C559
100 _aChungath, Paul
_921270
245 _aReligious beliefs and practices of bhils
_ba study in new of missionary evangelization
_c/by Chungath Paul
260 _aRomae
_bPontificia universitas urbaniana
_c2009
300 _a122p. ;
_c25cm.
500 _aThesis
650 _aBhils (Indian people religion)
_921271
650 _aMissions , theory
_921272
942 _2lcc
_cMONOGRAPH
999 _c123858
_d123858